00886 2200289 4500001002100000005001500021035002000036007000300056008004100059020002200100082001600122084001600138245007500154250003500229300004500264650004200309700002900351264004200380336002100422337003000443338002300473040002200496090002200518850001200540999002200552990002200574INLIS00000000088516420240321093322 a0010-0324000594ta240321s2024 yoia g ind d a978-623-164-562-304223a342.035 a342.035 UUD10aUUD 1945 RI & amandemen I, II, III, dan IV /cpenyunting, Fira Husaini aCetakan Pertama, Februari 2024 av, 234 halaman :bgambar, tabel ;c18 cm 4aUndang-Undang Dasar 1945--xAmandemen0 aFira HusainiePenyunting31aBantul :bAnak Hebat Indonesia,c2024 2rdacontentateks 2rdamediaatanpa perantara 2rdacarrieravolume aYOPDYOGbinderda aCB-D.11 2024-0179 aYOPDYOG aCB-D.11/2024-0179 aCB-D.11/2024-0179